000 00648nam a2200241Ia 4500
003 OSt
005 20221007072413.0
006 a|||||r|||| 00| 0
007 ta
008 221006b |||||||| |||| 00| 0 eng d
024 _a17,032
037 _cTextual
040 _aFLL
_cFLL
_beng
041 _2eng
_aeng
082 _aX724:Z3, J3
100 _aBeattie C.N. Au.
_9688552
245 0 _aElements of income tax and profits tax law
250 _a2nd
260 _aLondon
_bStevens and sons limited England
_c1953
300 _a208p
_ccm.
942 _hX724:Z3, J3
_cTEXL
_2CC
999 _c1145988
_d1145988